| 000 | 00747nam a22002057a 4500 | ||
|---|---|---|---|
| 005 | 20260117100704.0 | ||
| 008 | 260114b |||||||| |||| 00| 0 eng d | ||
| 020 | _a9781399726948 | ||
| 040 | _cAL | ||
| 041 | _aEnglish | ||
| 082 |
_a813.6 _bSCOS |
||
| 100 |
_aLucy Score _9251574 |
||
| 245 | _aStory of my life | ||
| 260 |
_aUK _bHodder and Stoughton _c2025 |
||
| 300 |
_a534 p. _bPB _c20x13cm. |
||
| 365 |
_b₹559.00 _c₹ _d₹699.00 _e20% _f10-01-2025 |
||
| 520 | _a big-city romcom author who no longer believes in real-life happily ever afters seeks inspiration by buying a house-and a spot on the town council-in a small lake town that needs its own happily ever after. | ||
| 650 |
_aAmerican English Fiction _9251347 |
||
| 942 |
_2ddc _cBK |
||
| 999 |
_c240748 _d240748 |
||